Damso - Chansons de l'album Lithopédion - Statistiques

Statistiques générales
  • Ce quiz a été pris 72 fois
  • Le résultat moyen est 12 sur 18
Statistiques - réponses
Hint Réponse % Correct
Lithopédion 6 Feu de Bois
87%
Lithopédionn Bonus Track Ipséité
83%
Lithopédion 4 Julien
83%
Lithopédion 5 Silence (feat. Angèle)
77%
Lithopédion 3 Baltringue
75%
Lithopédion 8 Smog
75%
Lithopédion 2 Festival de Rêves
72%
Lithopédionn 11 Dix Leurres
70%
Lithopédionn Bonus Track Humains
68%
Lithopédionn 16 William
67%
Lithopédion 9 60 Années
65%
Lithopédion 1 Introduction
65%
Lithopédionn 10 Aux Paradis
57%
Lithopédionn 14 Tard La Night
52%
Lithopédionn 12 NMI
50%
Lithopédionn 15 Noir Meilleur
47%
Lithopédionn 13 Perplexe
45%
Lithopédion 7 Même Issue
40%
Aucun quiz correspondant
Distribution des résultats
% des personnes avec chaque résultat
Percentile par nombre de réponses
Votre historique - résultats
Vous n’avez pas pris ce quiz